[Event "17th ECh U20"]
[Site "Arnhem NED"]
[Date "1987.12.30"]
[Round "11"]
[White "Hansen, Lars Bo"]
[Black "Lev, Ronen"]
[Result "0-1"]
[WhiteElo "2355"]
[BlackElo "2400"]
[EventDate "1987.12.19"]
[PlyCount "104"]

1.d4 d5 2.Nf3 Nf6 3.c4 dxc4 4.Qa4+ c6 5.Qxc4 Bf5 6.g3 e6 7.Bg2 Be7 8.O-O 
O-O 9.a4 Nbd7 10.Nc3 a5 11.Qb3 Qb6 12.Qxb6 Nxb6 13.Ne1 Bb4 14.f3 Rfd8 15.
e4 Bg6 16.Nc2 Nfd7 17.Ne2 Bf8 18.b3 f6 19.f4 f5 20.e5 Nd5 21.Bxd5 cxd5 22.
Bd2 Bh5 23.Nc3 Rdc8 24.Rac1 Rc6 25.Rfe1 Rac8 26.Re3 Nb8 27.Ra1 Na6 28.Be1 
Nb4 29.Nxb4 Bxb4 30.Na2 Bxe1 31.Rexe1 Rc2 32.Rac1 R8c6 33.Rxc2 Rxc2 34.Ra1
Bf3 35.b4 Rg2+ 36.Kf1 Rxh2 37.Nc1 axb4 38.a5 Be4 39.Nb3 Rh1+ 40.Kf2 Rxa1 
41.Nxa1 h6 42.Nb3 Bc2 43.Nc5 b3 44.Na4 g5 45.fxg5 hxg5 46.Ke2 Kf7 47.Kd2 
f4 48.g4 Be4 49.Ke2 Ke7 50.Nb2 Kd7 51.Nd1 Bc2 52.Nb2 Kc6 0-1

[Event "17th ECh U20"]
[Site "Arnhem NED"]
[Date "1987.12.30"]
[Round "11"]
[White "Koch, Jean-Rene"]
[Black "Norwood, David Robert"]
[Result "1-0"]
[WhiteElo "2270"]
[BlackElo "2405"]
[EventDate "1987.12.19"]
[PlyCount "105"]

1.e4 g6 2.d4 Bg7 3.Nf3 d6 4.Bc4 Nf6 5.Qe2 O-O 6.O-O c6 7.Bb3 Bg4 8.Nbd2 e5
9.dxe5 dxe5 10.h3 Bxf3 11.Nxf3 Qe7 12.c3 Nbd7 13.Bc2 a5 14.a4 Nh5 15.Be3 
Nf4 16.Qc4 Ne6 17.Rfd1 Rfd8 18.Rd2 Ndc5 19.Rad1 Rxd2 20.Rxd2 Bf6 21.g3 h5 
22.h4 Kg7 23.Qe2 Rb8 24.b4 axb4 25.cxb4 Na6 26.b5 Nac5 27.Qc4 Rc8 28.Qb4 
cxb5 29.axb5 b6 30.Bb3 Nxb3 31.Qxb3 Qc7 32.Rd5 Qc3 33.Qxc3 Rxc3 34.Rd6 Nd4
35.Nxd4 exd4 36.Rxd4 Rc1+ 37.Bxc1 Bxd4 38.Bf4 Kf6 39.Kf1 Ke6 40.Ke2 f5 41.
Be3 Ke5 42.Bxd4+ Kxd4 43.exf5 gxf5 44.f3 Kd5 45.Kd3 Ke5 46.Ke3 f4+ 47.
gxf4+ Kf5 48.Ke2 Kxf4 49.Kf2 Ke5 50.Ke3 Kf5 51.f4 Kg4 52.Ke4 Kxh4 53.Kf3 
$1 1-0

[Event "17th ECh U20"]
[Site "Arnhem NED"]
[Date "1987.12.30"]
[Round "11"]
[White "Langner, Ladislav"]
[Black "Riemersma, Liafbern"]
[Result "1-0"]
[WhiteElo "2315"]
[BlackElo "2345"]
[EventDate "1987.12.19"]
[PlyCount "49"]

1.e4 c5 2.Nf3 d6 3.d4 cxd4 4.Nxd4 Nf6 5.Nc3 e6 6.Bc4 Nc6 7.O-O Be7 8.Kh1 
O-O 9.f4 Qb6 10.Be3 Qxb2 11.Ncb5 Qb4 12.Bd3 Nxd4 13.Bxd4 a6 14.Rb1 Qa5 15.
e5 dxe5 16.fxe5 Nd7 17.Qh5 g6 18.Qh6 Qd8 19.Nd6 Bxd6 20.exd6 e5 21.Ba1 Qe8
22.Bc4 Kh8 23.Rb3 Nc5 24.Rbf3 f5 25.Rh3 1-0

[Event "17th ECh U20"]
[Site "Arnhem NED"]
[Date "1987.12.30"]
[Round "11"]
[White "Lutz, Christopher"]
[Black "Torhallsson, Trostur"]
[Result "1/2-1/2"]
[WhiteElo "2295"]
[BlackElo "2345"]
[EventDate "1987.12.19"]
[PlyCount "102"]

1.d4 Nf6 2.c4 c5 3.d5 b5 4.cxb5 a6 5.e3 Bb7 6.Nc3 Qa5 7.bxa6 Nxa6 8.Bd2 
Qb6 9.e4 e6 10.Bc4 Nxe4 11.Nxe4 exd5 12.Bxa6 Rxa6 13.Ng3 d4 14.Nf3 Qb5 15.
Qc2 Re6+ 16.Kd1 Be7 17.Qb3 Qa6 18.Ng5 Bxg5 19.Bxg5 O-O 20.f3 c4 21.Qa3 Qb5
22.Bd2 c3 23.bxc3 dxc3 24.Qxc3 Rc8 25.Qb3 Qe5 26.Rc1 Rxc1+ 27.Kxc1 Bd5 28.
Qb2 Qc7+ 29.Kb1 Bxa2+ 30.Kxa2 Ra6+ 31.Kb1 Rb6 32.Bb4 Qb8 33.Rc1 Rxb4 34.
Rc8+ Qxc8 35.Qxb4 h6 36.Nf5 Qa6 37.Ne7+ Kh7 38.Qe4+ g6 39.Kb2 Qb6+ 40.Kc3 
Qg1 41.g3 Qxh2 42.Qd5 Kg7 43.Qe5+ Kh7 44.Qf6 Qa2 45.Kd3 Qb3+ 46.Ke2 Qc2+ 
47.Kf1 Qd1+ 48.Kg2 Qe2+ 49.Kh3 Qf1+ 50.Kh4 Qc4+ 51.g4 h5 1/2-1/2

[Event "17th ECh U20"]
[Site "Arnhem NED"]
[Date "1987.12.30"]
[Round "11"]
[White "McMahon, Daire"]
[Black "Bellini, Fabio"]
[Result "0-1"]
[WhiteElo "2290"]
[BlackElo "2275"]
[EventDate "1987.12.19"]
[PlyCount "120"]

1.d4 d5 2.c4 e6 3.Nc3 Nf6 4.Bg5 Be7 5.cxd5 Nxd5 6.Bxe7 Qxe7 7.Nf3 Nxc3 8.
bxc3 c5 9.e3 O-O 10.Bd3 Nd7 11.O-O e5 12.Qc2 h6 13.dxe5 Nxe5 14.Nxe5 Qxe5 
15.e4 Qe7 16.Kh1 Be6 17.f4 f6 18.Qe2 Rac8 19.a4 c4 20.Bc2 Kh8 21.Rfd1 Rfd8
22.h3 b6 23.Rxd8+ Rxd8 24.Rd1 a6 25.Rxd8+ Qxd8 26.f5 Bg8 27.e5 fxe5 28.
Qxe5 b5 29.axb5 axb5 30.Kh2 b4 31.cxb4 Qd2 32.Be4 Qxb4 33.f6 Qf8 34.fxg7+ 
Qxg7 35.Qf5 Bh7 36.Qc8+ Qg8 37.Qc6 Qb8+ 38.Kh1 Bxe4 39.Qxe4 Qc7 40.Qg6 c3 
41.Qxh6+ Kg8 42.Qg6+ Kf8 43.Qf6+ Ke8 44.Qe6+ Kd8 45.Qg8+ Kd7 46.Qf7+ Kc6 
47.Qc4+ Kb6 48.Qb4+ Ka6 49.Qa4+ Qa5 50.Qe8 Qc5 51.Qa4+ Kb6 52.Qb3+ Ka5 53.
Qa2+ Kb5 54.Qb3+ Qb4 55.Qd5+ Ka4 56.Kg1 Ka3 57.Kf2 c2 58.Qd3+ Kb2 59.Qe2 
Qd4+ 60.Kg3 Kc3 0-1

[Event "17th ECh U20"]
[Site "Arnhem NED"]
[Date "1987.12.30"]
[Round "11"]
[White "Vandevoort, Pascal"]
[Black "Wians, Camille"]
[Result "1-0"]
[WhiteElo "2005"]
[BlackElo "2245"]
[EventDate "1987.12.19"]
[PlyCount "39"]

1.e4 c5 2.Nc3 d6 3.f4 Nc6 4.Nf3 g6 5.Bc4 Bg7 6.d3 e6 7.f5 exf5 8.O-O Nge7 
9.Qe1 Ne5 10.exf5 Nxf5 11.g4 Nd4 12.Nxd4 O-O 13.Nf3 Nxf3+ 14.Rxf3 Bxg4 15.
Rf4 h5 16.Qf2 Qd7 17.Bd2 d5 18.Bxd5 Bxc3 19.Bxc3 Rae8 20.Qh4 1-0

[Event "17th ECh U20"]
[Site "Arnhem NED"]
[Date "1987.12.31"]
[Round "12"]
[White "Bellini, Fabio"]
[Black "Calinescu, Gruia"]
[Result "1-0"]
[WhiteElo "2275"]
[BlackElo "2240"]
[EventDate "1987.12.19"]
[PlyCount "117"]

1.e4 c5 2.Nf3 d6 3.d4 cxd4 4.Nxd4 Nf6 5.Nc3 a6 6.a4 Nc6 7.Be2 e5 8.Nf3 h6 
9.O-O Be7 10.Re1 Be6 11.Bf1 O-O 12.Nd5 Bxd5 13.exd5 Nb4 14.Bc4 Rc8 15.Bb3 
a5 16.c3 Na6 17.Qe2 Nd7 18.Bc4 Nab8 19.Bb5 Nc5 20.Be3 Qc7 21.Nd2 Ncd7 22.
Nc4 Rfd8 23.b4 b6 24.f3 Bg5 25.Bf2 h5 26.Kh1 g6 27.h4 Bh6 28.Qf1 Rf8 29.
Qg1 Qd8 30.Nxb6 Rxc3 31.bxa5 Nc5 32.Red1 Nba6 33.Nd7 Nxd7 34.Bxa6 Nc5 35.
Bb5 Rc2 36.Qe1 e4 37.Bxc5 Rxc5 38.Qxe4 Qxa5 39.Rab1 Qc3 40.Bd3 Bg7 41.f4 
Rcc8 42.f5 Rce8 43.Qb4 Qe5 44.Rf1 Kh7 45.Rbd1 Rc8 46.Rf3 Rc5 47.Rdf1 Re8 
48.Qb1 Kh6 49.fxg6 fxg6 50.Bxg6 Rc4 51.g3 Rf8 52.Bf7 Rxf7 53.Rxf7 Qxd5+ 
54.Kh2 Qe4 55.Qxe4 Rxe4 56.R7f4 Re2+ 57.R1f2 Re3 58.R4f3 Re4 59.Ra2 1-0

[Event "17th ECh U20"]
[Site "Arnhem NED"]
[Date "1987.12.31"]
[Round "12"]
[White "Gelfand, Boris"]
[Black "Langner, Ladislav"]
[Result "1-0"]
[WhiteElo "2510"]
[BlackElo "2315"]
[EventDate "1987.12.19"]
[PlyCount "43"]

1.d4 Nf6 2.Nf3 g6 3.c4 Bg7 4.Nc3 c5 5.e4 cxd4 6.Nxd4 O-O 7.Be2 Nc6 8.Be3 
d6 9.O-O Be6 10.Rc1 Nxd4 11.Bxd4 Nd7 12.Be3 a6 13.Qd2 Nc5 14.f3 b5 15.cxb5
axb5 16.b4 Nd7 17.Bxb5 Bxc3 18.Qxc3 Ne5 19.a4 Qb8 20.Qd4 Bb3 21.Bh6 Bxa4 
22.Be2 1-0

[Event "17th ECh U20"]
[Site "Arnhem NED"]
[Date "1987.12.31"]
[Round "12"]
[White "Hansen, Lars Bo"]
[Black "Vandevoort, Pascal"]
[Result "1-0"]
[WhiteElo "2355"]
[BlackElo "2005"]
[EventDate "1987.12.19"]
[PlyCount "104"]

1.d4 d5 2.Nf3 Nf6 3.g3 Bf5 4.Bg2 e6 5.O-O h6 6.c4 Be7 7.Qb3 Nc6 8.cxd5 
exd5 9.Nc3 O-O 10.Bf4 Na5 11.Qd1 Nc4 12.Ne5 Nb6 13.Qb3 a5 14.a4 c6 15.Rad1
Bb4 16.Na2 Qe7 17.Bd2 Bxd2 18.Rxd2 Nc4 19.Nxc4 dxc4 20.Qxc4 Be6 21.Qc2 
Bxa2 22.b3 Bxb3 23.Qxb3 Rfd8 24.Rb1 Rd7 25.e3 Rad8 26.Rc2 Ne4 27.Qd3 Ng5 
28.Qc3 Ra8 29.Rcb2 Rc7 30.Rb6 Ne6 31.h4 Nd8 32.Bh3 g6 33.Rc1 Qd6 34.Qb3 
Re7 35.Rc5 Kh7 36.Kg2 h5 37.Qc3 Qc7 38.Rxa5 Qxb6 39.Rxa8 f5 40.Kh2 Qc7 41.
Bf1 Rd7 42.Qb4 Qd6 43.Qxd6 Rxd6 44.Bc4 Kg7 45.Rc8 Rd7 46.a5 Kf8 47.Kg2 Ke8
48.Kf3 Re7 49.Kf4 Kd7 50.Ra8 Re4+ 51.Kg5 Rg4+ 52.Kf6 Kc7 1-0

[Event "17th ECh U20"]
[Site "Arnhem NED"]
[Date "1987.12.31"]
[Round "12"]
[White "Horvath, Csaba"]
[Black "Koch, Jean-Rene"]
[Result "1-0"]
[WhiteElo "2455"]
[BlackElo "2270"]
[EventDate "1987.12.19"]
[PlyCount "77"]

1.d4 Nf6 2.c4 c5 3.d5 b5 4.Nf3 g6 5.Qc2 bxc4 6.e4 d6 7.Bxc4 Bg7 8.O-O O-O 
9.h3 Ba6 10.Na3 Qb6 11.Bd2 Nbd7 12.Bc3 Rfe8 13.Rad1 Qb7 14.b3 Nb6 15.Nd2 
Rad8 16.Bxa6 Qxa6 17.Nac4 e6 18.dxe6 Rxe6 19.Ne3 Rde8 20.Qb2 Qb7 21.Ndc4 
Nc8 22.f3 Qe7 23.Rd3 Nh5 24.Nd5 Qd8 25.Bxg7 Nxg7 26.f4 f5 27.e5 Rf8 28.
Rfd1 Ne8 29.Qf2 Qd7 30.Re1 Kg7 31.Rde3 Qc6 32.Qf3 Qd7 33.exd6 Rxe3 34.Qxe3
Ncxd6 35.Qc3+ Kg8 36.Ne7+ Kf7 37.Ne5+ Kxe7 38.Nxd7+ Kxd7 39.Qxc5 1-0

[Event "17th ECh U20"]
[Site "Arnhem NED"]
[Date "1987.12.31"]
[Round "12"]
[White "Kosic, Dragan"]
[Black "Gdanski, Jacek"]
[Result "0-1"]
[WhiteElo "2385"]
[BlackElo "2400"]
[EventDate "1987.12.19"]
[PlyCount "66"]

1.d4 Nf6 2.c4 c5 3.d5 g6 4.Nc3 d6 5.e4 Bg7 6.Nf3 O-O 7.Be2 e6 8.Nd2 Re8 9.
O-O Na6 10.a3 Nc7 11.Qc2 b5 12.dxe6 Nxe6 13.Nxb5 a6 14.Nc3 Nd4 15.Qd3 Rb8 
16.Nf3 Bb7 17.Bg5 h6 18.Bxf6 Qxf6 19.Rfe1 Qf4 20.Bf1 f5 21.Nd2 Be5 22.Qg3 
Qxd2 23.Qxg6+ Bg7 24.Re3 Re6 25.Qh5 Bxe4 26.Rd1 Qxb2 27.Rxe4 fxe4 28.Rb1 
Qxb1 29.Nxb1 Rxb1 30.g3 Kh8 31.Qd5 Rf6 32.Qxe4 Nf3+ 33.Kg2 Rxf1 0-1

[Event "17th ECh U20"]
[Site "Arnhem NED"]
[Date "1987.12.31"]
[Round "12"]
[White "Pieniazek, Artur"]
[Black "Lutz, Christopher"]
[Result "1/2-1/2"]
[WhiteElo "2280"]
[BlackElo "2295"]
[EventDate "1987.12.19"]
[PlyCount "65"]

1.d4 e6 2.c4 f5 3.Nf3 Nf6 4.Nc3 Bb4 5.g3 Bxc3+ 6.bxc3 O-O 7.Bg2 d6 8.O-O 
Qe8 9.Ba3 Ne4 10.Qc2 Nd7 11.c5 dxc5 12.Nd2 Nxd2 13.Qxd2 e5 14.dxe5 Qxe5 
15.Qd5+ Qxd5 16.Bxd5+ Kh8 17.Rfd1 Rb8 18.Be6 Nb6 19.Bxc8 Rbxc8 20.Bxc5 
Rfd8 21.Rd4 Rxd4 22.cxd4 Nd5 23.Rc1 Kg8 24.e3 Kf7 25.Kf1 Ke6 26.Ke2 Kd7 
27.Kd3 Re8 28.Re1 Re6 29.f3 Rf6 30.Kc4 Nb6+ 31.Kd3 Nd5 32.Kc4 Nb6+ 33.Kd3 
1/2-1/2

[Event "17th ECh U20"]
[Site "Arnhem NED"]
[Date "1987.12.31"]
[Round "12"]
[White "Riemersma, Liafbern"]
[Black "Brenninkmeijer, Joris"]
[Result "0-1"]
[WhiteElo "2345"]
[BlackElo "2345"]
[EventDate "1987.12.19"]
[PlyCount "54"]

1.d4 Nf6 2.c4 e6 3.Nc3 Bb4 4.e3 c5 5.Bd3 d5 6.cxd5 Nxd5 7.Ne2 cxd4 8.exd4 
O-O 9.O-O Nc6 10.Bc2 Re8 11.Qd3 g6 12.Rd1 Bd7 13.Qg3 Bf8 14.h4 Bg7 15.h5 
Nce7 16.hxg6 hxg6 17.Ne4 Nf5 18.Qh3 Qb6 19.Ng5 Rac8 20.Nc3 Nb4 21.Bb1 Rc4 
22.a3 Nc6 23.d5 Rh4 24.Qd3 Bd4 25.Be3 Bxe3 26.fxe3 Nxe3 27.dxe6 Nxd1+ 0-1

[Event "17th ECh U20"]
[Site "Arnhem NED"]
[Date "1987.12.31"]
[Round "12"]
[White "Torhallsson, Trostur"]
[Black "Casagrande, Harald"]
[Result "1-0"]
[WhiteElo "2345"]
[BlackElo "2325"]
[EventDate "1987.12.19"]
[PlyCount "47"]

1.e4 d5 2.exd5 Nf6 3.d4 Nxd5 4.Bc4 Nc6 5.Nf3 Bg4 6.c3 e6 7.O-O Qf6 8.Nbd2 
O-O-O 9.Bb5 e5 10.Bxc6 bxc6 11.Qa4 exd4 12.Nxd4 Kb7 13.Nc4 Nb6 14.Qxc6+ 
Qxc6 15.Na5+ Ka8 16.Naxc6 Rd5 17.Bf4 Kb7 18.a4 Bd7 19.Nd8+ Kc8 20.Nxf7 Rc5
21.Nb5 Bxb5 22.axb5 Rf5 23.Nxh8 Rxf4 24.Rxa7 1-0

[Event "17th ECh U20"]
[Site "Arnhem NED"]
[Date "1988.01.02"]
[Round "13"]
[White "Bern, Ivar"]
[Black "Damaso, Rui"]
[Result "1-0"]
[WhiteElo "2275"]
[BlackElo "2320"]
[EventDate "1987.12.19"]
[PlyCount "83"]

1.d4 g6 2.e4 Bg7 3.c3 d6 4.Nf3 Nf6 5.Bd3 O-O 6.O-O c5 7.dxc5 dxc5 8.Qe2 
Nc6 9.h3 Qc7 10.Re1 e5 11.Be3 b6 12.Qc2 Nd8 13.Nbd2 Ne6 14.Bf1 Bb7 15.a4 
a6 16.Qb1 Nh5 17.b4 Rab8 18.Rc1 Kh8 19.a5 b5 20.c4 bxc4 21.Bxc5 Nxc5 22.
Rxc4 f5 23.Rxc5 Qe7 24.Qe1 fxe4 25.Nxe4 Bxe4 26.Qxe4 Rf4 27.Qe3 e4 28.Rac1
Rbf8 29.R1c4 Qe8 30.Nd2 Rxf2 31.Rc8 Qd7 32.Qxf2 Rxc8 33.Rxc8+ Qxc8 34.Nxe4
Qd8 35.Kh1 Qd1 36.g4 Qb1 37.Nd2 Qxb4 38.gxh5 Qxa5 39.hxg6 hxg6 40.Bg2 Qa1+
41.Nf1 a5 42.Qh4+ 1-0

[Event "17th ECh U20"]
[Site "Arnhem NED"]
[Date "1988.01.02"]
[Round "13"]
[White "Brenninkmeijer, Joris"]
[Black "Lev, Ronen"]
[Result "1/2-1/2"]
[WhiteElo "2345"]
[BlackElo "2400"]
[EventDate "1987.12.19"]
[PlyCount "85"]

1.d4 Nf6 2.c4 g6 3.Nc3 Bg7 4.e4 d6 5.f3 O-O 6.Be3 Nbd7 7.Qd2 a6 8.O-O-O b5
9.Bh6 Bxh6 10.Qxh6 e5 11.Nh3 c6 12.Ng5 Qe7 13.h4 Re8 14.h5 Nf8 15.hxg6 
fxg6 16.g4 Ne6 17.Nxe6 Bxe6 18.d5 b4 19.Ne2 cxd5 20.exd5 Bd7 21.Ng3 Rf8 
22.Rd2 Rf7 23.Bd3 Rg7 24.g5 Ne8 25.Qh4 Qf8 26.Ne4 Qf4 27.Nf6+ Nxf6 28.Qxf4
exf4 29.gxf6 Rf7 30.Bxg6 Rxf6 31.Bxh7+ Kf7 32.Bd3 Rg8 33.Re2 Rg7 34.Kd2 
Kg8 35.Rh5 a5 36.Reh2 Kf7 37.Rh7 Bf5 38.Rxg7+ Kxg7 39.Bxf5 Rxf5 40.Rg2+ 
Kf7 41.Rg4 Kf6 42.Kd3 Ke5 43.Rg8 1/2-1/2

[Event "17th ECh U20"]
[Site "Arnhem NED"]
[Date "1988.01.02"]
[Round "13"]
[White "Casagrande, Harald"]
[Black "Spycher, Bernard"]
[Result "1-0"]
[WhiteElo "2325"]
[BlackElo "2245"]
[EventDate "1987.12.19"]
[PlyCount "59"]

1.c4 Nf6 2.Nc3 g6 3.g3 Bg7 4.Bg2 O-O 5.Nf3 Nc6 6.O-O e5 7.d3 Re8 8.e4 d6 
9.h3 Nd7 10.Nh2 f5 11.exf5 gxf5 12.Qh5 Nf6 13.Qh4 Ne7 14.Bh6 Ng6 15.Qg5 c6
16.Rae1 Be6 17.h4 Nd7 18.Qd2 Bf6 19.Nf3 Kh8 20.Ng5 Bg8 21.Bh3 Ne7 22.f4 
Nc5 23.fxe5 dxe5 24.Nge4 Nxe4 25.Nxe4 Bg7 26.Bxg7+ Kxg7 27.Bxf5 Nxf5 28.
Rxf5 Rf8 29.Rxf8 Kxf8 30.Qh6+ 1-0

[Event "17th ECh U20"]
[Site "Arnhem NED"]
[Date "1988.01.02"]
[Round "13"]
[White "Gdanski, Jacek"]
[Black "Gelfand, Boris"]
[Result "1/2-1/2"]
[WhiteElo "2400"]
[BlackElo "2510"]
[EventDate "1987.12.19"]
[PlyCount "37"]

1.e4 e5 2.Nf3 Nf6 3.Nxe5 d6 4.Nf3 Nxe4 5.d4 d5 6.Bd3 Bd6 7.O-O O-O 8.c4 c6
9.Nc3 Nxc3 10.bxc3 Bg4 11.cxd5 cxd5 12.Rb1 Nd7 13.h3 Bh5 14.a4 b6 15.Rb5 
Nf6 16.Bg5 Rc8 17.Bxf6 Qxf6 18.Rxd5 Bxf3 19.Qxf3 1/2-1/2

[Event "17th ECh U20"]
[Site "Arnhem NED"]
[Date "1988.01.02"]
[Round "13"]
[White "Horvath, Csaba"]
[Black "Hansen, Lars Bo"]
[Result "0-1"]
[WhiteElo "2455"]
[BlackElo "2355"]
[EventDate "1987.12.19"]
[PlyCount "84"]

1.d4 e6 2.Nf3 Nf6 3.c4 Bb4+ 4.Nbd2 O-O 5.a3 Be7 6.e3 c5 7.dxc5 Bxc5 8.Qc2 
Be7 9.Be2 b6 10.O-O Bb7 11.b3 d6 12.Bb2 Nbd7 13.Rac1 Rc8 14.Qb1 Rc7 15.Nd4
Qa8 16.N2f3 a6 17.Rfd1 Rfc8 18.Qa1 Nc5 19.Qa2 Ne8 20.Ne1 Bf6 21.Ndc2 d5 
22.f3 dxc4 23.bxc4 b5 24.Nd4 bxc4 25.Bxc4 Na4 26.Bb3 Nxb2 27.Qxb2 Rxc1 28.
Rxc1 Rd8 29.Qf2 Bxd4 30.exd4 Nd6 31.Rc5 Nf5 32.Nc2 Qa7 33.Rc4 h5 34.h4 Bd5
35.Rc3 Bxb3 36.Rxb3 e5 37.g4 hxg4 38.fxg4 Nxd4 39.Kh2 Qc7 40.Nxd4 exd4+ 
41.Kh3 d3 42.Rb1 Qc3 0-1

[Event "17th ECh U20"]
[Site "Arnhem NED"]
[Date "1988.01.02"]
[Round "13"]
[White "Koch, Jean-Rene"]
[Black "Torhallsson, Trostur"]
[Result "1-0"]
[WhiteElo "2270"]
[BlackElo "2345"]
[EventDate "1987.12.19"]
[PlyCount "64"]

1.e4 e5 2.Nf3 Nc6 3.Bb5 Nd4 4.Nxd4 exd4 5.O-O Bc5 6.Bc4 d6 7.d3 c6 8.Qh5 
g6 9.Qf3 f6 10.a4 Qe7 11.c3 a5 12.Nd2 Be6 13.Nb3 dxc3 14.Bxe6 cxb2 15.Bxb2
Qxe6 16.d4 Bb6 17.d5 Qd7 18.dxc6 bxc6 19.Rad1 Nh6 20.Qxf6 Rf8 21.Qxd6 Qxd6
22.Rxd6 Ng4 23.Bd4 Bc7 24.Rxc6 Bxh2+ 25.Kh1 Kd7 26.Rb6 Bc7 27.Nc5+ Ke7 28.
Re6+ Kf7 29.f3 Nh6 30.Rf6+ Ke7 31.Rxf8 Rxf8 32.Bg7 Rf4 1-0

[Event "17th ECh U20"]
[Site "Arnhem NED"]
[Date "1988.01.02"]
[Round "13"]
[White "Langner, Ladislav"]
[Black "Wessman, Richard"]
[Result "0-1"]
[WhiteElo "2315"]
[BlackElo "2285"]
[EventDate "1987.12.19"]
[PlyCount "114"]

1.e4 e6 2.d4 d5 3.e5 c5 4.c3 Nc6 5.Nf3 Nge7 6.Bd3 cxd4 7.cxd4 Nf5 8.Bxf5 
exf5 9.Nc3 Bb4 10.h4 Be6 11.Rh3 Qa5 12.Bd2 f4 13.Rh1 O-O 14.a3 Bxc3 15.
Bxc3 Qb6 16.Qd2 f6 17.Bb4 Rf7 18.Bc5 Qb3 19.Qc3 Qxc3+ 20.bxc3 Bg4 21.exf6 
Bxf3 22.gxf3 Rxf6 23.a4 Ne5 24.Ke2 Nc4 25.Kd3 b6 26.Be7 Re6 27.Rhe1 Rxe1 
28.Rxe1 h6 29.a5 Nxa5 30.Re5 Re8 31.Bd6 Rxe5 32.Bxe5 Nc4 33.Bxf4 Kf7 34.
Kc2 a5 35.Kb3 b5 36.Bc7 Kg6 37.Be5 Kf7 38.Bf4 Kf6 39.Bc7 Kf5 40.Kc2 h5 41.
Kd3 g5 42.hxg5 Kxg5 43.Bg3 Kf5 44.Kc2 a4 45.Bc7 h4 46.Bh2 h3 47.Bc7 Ke6 
48.Bg3 Kd7 49.Bf4 Kc6 50.Bg3 a3 51.Kb3 Nd2+ 52.Kxa3 Nxf3 53.Kb4 h2 54.Bxh2
Nxh2 55.f4 Ng4 56.f5 Ne3 57.f6 Kd6 0-1

[Event "17th ECh U20"]
[Site "Arnhem NED"]
[Date "1988.01.02"]
[Round "13"]
[White "Lutz, Christopher"]
[Black "Fernandez Aguado, Enrique"]
[Result "1-0"]
[WhiteElo "2295"]
[BlackElo "2335"]
[EventDate "1987.12.19"]
[PlyCount "121"]

1.d4 Nf6 2.c4 e5 3.dxe5 Ng4 4.Nc3 Nc6 5.e3 Ngxe5 6.Nh3 Ng6 7.Nd5 a5 8.b3 
Bb4+ 9.Nxb4 axb4 10.Bb2 O-O 11.g3 d6 12.Bg2 Bf5 13.f3 Qe7 14.Kf2 Ra5 15.
Nf4 Nxf4 16.exf4 d5 17.Bf1 d4 18.g4 Qh4+ 19.Kg2 Re8 20.gxf5 Rxf5 21.Bd3 
Rh5 22.Be4 Rh6 23.f5 Qh3+ 24.Kf2 Qh4+ 25.Kg2 Rh5 26.Bc1 Ne5 27.h3 g6 28.f6
c5 29.Bd2 Qxf6 30.Qg1 Rh4 31.Qf2 g5 32.Qg3 h6 33.Rae1 Ra8 34.Bxb7 Rxa2 35.
Qxe5 Rxd2+ 36.Kg3 Rf4 37.Qxf6 Rxf6 38.Re5 Rb2 39.Rxc5 Rxb3 40.Be4 Rf4 41.
Rc8+ Kg7 42.Bd5 d3 43.Kf2 Rc3 44.Rb8 Rb3 45.Ke3 d2+ 46.Kxd2 Rd4+ 47.Ke2 
Kf6 48.Rb7 Ke5 49.Re7+ Kf4 50.Re4+ Rxe4+ 51.Bxe4 f5 52.Bd5 h5 53.Rc1 g4 
54.hxg4 fxg4 55.fxg4 hxg4 56.c5 Re3+ 57.Kd2 Re5 58.Bh1 b3 59.c6 b2 60.Rb1 
Rb5 61.Kc3 1-0

[Event "17th ECh U20"]
[Site "Arnhem NED"]
[Date "1988.01.02"]
[Round "13"]
[White "McMahon, Daire"]
[Black "Vandevoort, Pascal"]
[Result "0-1"]
[WhiteElo "2290"]
[BlackElo "2015"]
[EventDate "1987.12.19"]
[PlyCount "118"]

1.d4 Nf6 2.c4 g6 3.Nc3 Bg7 4.e4 d6 5.Nge2 Nbd7 6.Ng3 e5 7.d5 h5 8.h4 a5 9.
Be2 Nc5 10.Bg5 Qd7 11.Qd2 b6 12.f3 Bb7 13.O-O-O O-O-O 14.Kb1 Rdf8 15.Be3 
Ne8 16.Nb5 f5 17.Bxc5 dxc5 18.exf5 gxf5 19.Bd3 Kb8 20.Qc2 Bc8 21.Rhe1 Nd6 
22.Nxd6 cxd6 23.a3 Qf7 24.Nf1 Kc7 25.Re2 Bd7 26.Nd2 Qf6 27.g3 Rb8 28.Rg1 
Rhe8 29.Rgg2 Re7 30.Ka2 Rbe8 31.Re1 Rg8 32.Ree2 Bh8 33.Nf1 Rge8 34.Nd2 Kb7
35.Re1 Kc7 36.Ree2 Rg8 37.Rg1 Bg7 38.Rgg2 Rge8 39.Re1 Kb7 40.Ree2 Kc7 41.
Re1 Bh6 42.Ree2 e4 43.fxe4 Bxd2 44.e5 dxe5 45.Qxd2 e4 46.Qf4+ Qd6 47.Bc2 
Rg8 48.Qxd6+ Kxd6 49.Kb3 Reg7 50.Re3 Rg4 51.Bd1 Rxh4 52.gxh4 Rxg2 53.Bxh5 
Rh2 54.Rg3 Rxh4 55.Bf7 Rh6 56.Rg6+ Rxg6 57.Bxg6 Ke5 58.Kc3 f4 59.Kd2 Kd4 
0-1

[Event "17th ECh U20"]
[Site "Arnhem NED"]
[Date "1988.01.02"]
[Round "13"]
[White "Norwood, David Robert"]
[Black "Wians, Camille"]
[Result "1-0"]
[WhiteElo "2405"]
[BlackElo "2245"]
[EventDate "1987.12.19"]
[PlyCount "85"]

1.d4 g6 2.e4 Bg7 3.Nf3 c5 4.d5 d6 5.c4 Nf6 6.Nc3 Bg4 7.Be2 O-O 8.O-O Na6 
9.h3 Bxf3 10.Bxf3 Nc7 11.Bf4 Nd7 12.Be2 a6 13.a4 Rb8 14.Qd2 Ne8 15.Bg3 Bd4
16.Bd3 Ne5 17.Ne2 Nxd3 18.Nxd4 Ne5 19.Bxe5 dxe5 20.Nf3 f6 21.Qe3 Qa5 22.
Nd2 Nd6 23.Rfc1 Qb4 24.b3 a5 25.Nf3 Qb6 26.Ne1 Rbc8 27.Rab1 Qc7 28.Nd3 g5 
29.g3 Rf7 30.Kh2 Rg7 31.Rg1 Kh8 32.f4 exf4 33.gxf4 Nf7 34.Rg3 b6 35.Rbg1 
Rg6 36.e5 gxf4 37.Nxf4 Qxe5 38.Nxg6+ hxg6 39.Re1 Kg7 40.Qd3 Qh5 41.Rxe7 
Rd8 42.Qe4 Rd6 43.Qf4 1-0

[Event "17th ECh U20"]
[Site "Arnhem NED"]
[Date "1988.01.02"]
[Round "13"]
[White "Pieniazek, Artur"]
[Black "Bellini, Fabio"]
[Result "1-0"]
[WhiteElo "2280"]
[BlackElo "2275"]
[EventDate "1987.12.19"]
[PlyCount "71"]

1.d4 d5 2.c4 e6 3.Nc3 Nf6 4.cxd5 Nxd5 5.Nf3 c5 6.e4 Nxc3 7.bxc3 cxd4 8.
cxd4 Bb4+ 9.Bd2 Bxd2+ 10.Qxd2 O-O 11.Bc4 Nc6 12.O-O b6 13.Rad1 Bb7 14.d5 
Na5 15.Bd3 Qe7 16.Qf4 Rfd8 17.Rfe1 Rac8 18.dxe6 fxe6 19.e5 Bd5 20.Ng5 h6 
21.Ne4 Rf8 22.Qg4 Nb7 23.Qg6 Rf5 24.Nd6 Nxd6 25.exd6 Qf7 26.Bxf5 exf5 27.
Qxf7+ Bxf7 28.Re7 a5 29.a3 Kf8 30.Rb7 Bb3 31.d7 Rd8 32.Rd2 Be6 33.f4 b5 
34.Rxb5 Rxd7 35.Rxd7 Bxd7 36.Rxa5 1-0

[Event "17th ECh U20"]
[Site "Arnhem NED"]
[Date "1988.01.02"]
[Round "13"]
[White "Riemersma, Liafbern"]
[Black "Kosic, Dragan"]
[Result "1/2-1/2"]
[WhiteElo "2345"]
[BlackElo "2385"]
[EventDate "1987.12.19"]
[PlyCount "91"]

1.e4 c5 2.Nf3 e6 3.d4 cxd4 4.Nxd4 Nf6 5.Nc3 d6 6.g4 h6 7.h4 Nc6 8.Rg1 h5 
9.gxh5 Nxh5 10.Bg5 Qb6 11.Nb3 a6 12.Be2 Nf6 13.h5 Qc7 14.Qd2 b5 15.a3 Bb7 
16.O-O-O b4 17.axb4 Nxb4 18.Kb1 Be7 19.Qd4 d5 20.e5 Nc6 21.Qa4 Nd7 22.Bxe7
Nxe7 23.f4 Bc6 24.Qa3 g6 25.Nd4 Nf8 26.hxg6 fxg6 27.Qd6 Qd7 28.f5 gxf5 29.
Rh1 Rxh1 30.Rxh1 Rc8 31.Bh5+ Kd8 32.Bf7 Qxd6 33.exd6 Neg6 34.Rh6 Be8 35.
Nxe6+ Kd7 36.Nxf8+ Nxf8 37.Bxd5 Bg6 38.Bb7 Rb8 39.Bxa6 Kxd6 40.Bd3 Ke5 41.
Ne2 Rb6 42.Rh4 Ne6 43.Ra4 Kf6 44.Rc4 Be8 45.Kc1 Bb5 46.Rc3 1/2-1/2